[Étude comparée des langues Ougro-finnoises. (Record no. 185017)

MARC details
000 -LEADER
campo de control de longitud fija 00631nam a2200193 i 4500
001 - NÚMERO DE CONTROL
campo de control 185017
003 - IDENTIFICADOR DE NÚMERO DE CONTROL
campo de control ES-MaACL
005 - FECHA Y HORA DE LA ÚLTIMA TRANSACCIÓN
campo de control 20250801095122.0
008 - DATOS DE LONGITUD FIJA--INFORMACIÓN GENERAL
campo de control de longitud fija 160307s1875 fr |||| | fre d
100 1# - ENTRADA PRINCIPAL--NOMBRE DE PERSONA
Nombre de persona Ujfalvy de Mezö-Kövesd, Ch.-E.
9 (RLIN) 158978
245 11 - MENCIÓN DEL TÍTULO
Título [Étude comparée des langues Ougro-finnoises.
Número de parte o sección de la obra I /
Mención de responsabilidad, etc. Ch. E. de Ujfalvy].
260 ## - PUBLICACIÓN, DISTRIBUCIÓN, ETC.
Lugar de publicación, distribución, etc. [ Paris :
Nombre del editor, distribuidor, etc. Ernest Lerou,
Fecha de publicación, distribución, etc. 1875]
300 ## - DESCRIPCIÓN FÍSICA
Extensión 106 p. ;
Dimensiones 26 cm.
590 0# - NOTA LOCAL (RLIN)
Nota local Ejemplar sin portada, datos tomados de la B. N.
650 07 - PUNTO DE ACCESO ADICIONAL DE MATERIA--TÉRMINO DE MATERIA
Término de materia o nombre geográfico como elemento de entrada Literatura húngara
Fuente del encabezamiento o término embne
9 (RLIN) 14616
650 #4 - PUNTO DE ACCESO ADICIONAL DE MATERIA--TÉRMINO DE MATERIA
Término de materia o nombre geográfico como elemento de entrada Lengua finesa.
9 (RLIN) 158979
852 ## - LOCALIZACIÓN
Ubicación ES-MaACL
Número de control de estantería T-329-F-3
Holdings
Estatus retirado Estado de pérdida Estado de daño No para préstamo Colección Biblioteca de origen Biblioteca actual Ubicación en estantería Fecha de adquisición Fuente de adquisición Total de préstamos Signatura topográfica completa Código de barras Visto por última vez Precio de reemplazo Tipo de ítem Koha
        Colección de folletos Biblioteca del Ateneo de Madrid Biblioteca del Ateneo de Madrid Depósito folletos 07/03/2016     T-329-F-3 1194877 23/02/2023 23/02/2023 Folleto